| 000 | 00927cam a22002891 4500 | ||
|---|---|---|---|
| 001 | sa 65002084 | ||
| 003 | DLC | ||
| 005 | 20260227112114.0 | ||
| 008 | 860616s1958 ii cg b 001 0ctelx | ||
| 010 | _asa 65002084 | ||
| 035 | _a(OCoLC)15302050 | ||
| 040 |
_aDLC _cNN _dDLC |
||
| 042 | _apremarc | ||
| 043 | _aa-ii--- | ||
| 050 | 0 | 0 |
_aML385.R15 _bA5 |
| 100 | 2 |
_aRajanikanta Rao, Balantrapu, _d1920- |
|
| 245 | 1 | 0 |
_aĀndhra vāggēyakāra caritramu. _c[Racana] Bālāntrapu Rajanīkāntarāvu. |
| 260 |
_aVijayavāḍa, _bViśālāndhra Pracuvaṇālayaṃ _c[1958] |
||
| 300 |
_a4, ii, 531 p. _bports., music. _c21 cm. |
||
| 500 | _aIn Telugu. | ||
| 500 | _aIncludes some songs with melody and beat indications. | ||
| 500 | _aIncludes index. | ||
| 504 | _aBibliography: p. [518]-525. | ||
| 650 | 0 |
_aMusicians _vBiography. |
|
| 650 | 0 |
_aMusicians _zIndia _zAndhra Pradesh. |
|
| 650 | 0 |
_aMusicians _zIndia _zTamil Nadu. |
|
| 999 |
_c62433 _d62433 |
||